000 00193nam a2200109Ia 4500
100 _a#N/A
942 _cBK
245 _aComputer Graphics
260 _b#N/A
546 _aENGLISH
999 _c25044
_d25044